[Event "FICGS rapid C 000038 email"]
[Site "FICGS email"]
[Date "2007.10.03"]
[Round "1"]
[White "Ertem, Ercan"]
[Black "Bogaerts, Jan"]
[Result "1-0"]
[WhiteElo "1319"]
[BlackElo "1400"]
[PlyCount "93"]
[EventDate "2007.??.??"]
[EventType "tourn (rapid)"]
[EventRounds "4"]
[SourceTitle "Corr 2022"]
[Source "ChessBase"]
[SourceDate "2021.10.24"]
[SourceVersion "1"]
[SourceVersionDate "2021.10.24"]
[SourceQuality "1"]

1. e4 c5 2. Nf3 Nc6 3. d4 cxd4 4. Nxd4 Nf6 5. f3 g6 6. Nc3 Bg7 7. Bc4 0-0 8. 0-0 Nxd4 9. Qxd4 d6 10. Qe3 Qa5 11. Bd2 Qb4 12. b3 Qc5 13. Qxc5 dxc5 14. e5 Nd7 15. f4 Nb6 16. Be3 Nxc4 17. bxc4 b6 18. a4 e6 19. Ne4 Ba6 20. Nd6 Rfd8 21. Bf2 Bf8 22. Bh4 Rd7 23. Rad1 Be7 24. Bxe7 Rxe7 25. a5 Kg7 26. axb6 axb6 27. Rb1 Rb8 28. Rf3 f6 29. exf6+ Kxf6 30. Re3 Rd7 31. Ne4+ Ke7 32. Nxc5 bxc5 33. Rxb8 Bxc4 34. Rc3 Bd5 35. Rxc5 h5 36. h4 Be4 37. g3 Kd6 38. Rc4 Bf5 39. Kf2 Ke7 40. Kf3 Rd1 41. Rc7+ Kd6 42. Rcc8 Rc1 43. Rb6+ Kd5 44. c3 Be4+ 45. Ke3 Bf5 46. c4+ Rxc4 47. Rb5+ 1-0